<?xml version="1.0" encoding="UTF-8"?><?xml-stylesheet type="text/xsl" href="static/style.xsl"?><OAI-PMH xmlns="http://www.openarchives.org/OAI/2.0/" xmlns:xsi="http://www.w3.org/2001/XMLSchema-instance" xsi:schemaLocation="http://www.openarchives.org/OAI/2.0/ http://www.openarchives.org/OAI/2.0/OAI-PMH.xsd"><responseDate>2026-04-13T06:49:03Z</responseDate><request verb="GetRecord" identifier="oai:www.recercat.cat:2117/420379" metadataPrefix="marc">https://recercat.cat/oai/request</request><GetRecord><record><header><identifier>oai:recercat.cat:2117/420379</identifier><datestamp>2025-07-23T00:00:16Z</datestamp><setSpec>com_2072_1033</setSpec><setSpec>col_2072_452951</setSpec></header><metadata><record xmlns="http://www.loc.gov/MARC21/slim" xmlns:dcterms="http://purl.org/dc/terms/" xmlns:xsi="http://www.w3.org/2001/XMLSchema-instance" xmlns:doc="http://www.lyncode.com/xoai" xsi:schemaLocation="http://www.loc.gov/MARC21/slim http://www.loc.gov/standards/marcxml/schema/MARC21slim.xsd">
   <leader>00925njm 22002777a 4500</leader>
   <datafield ind2=" " ind1=" " tag="042">
      <subfield code="a">dc</subfield>
   </datafield>
   <datafield ind2=" " ind1=" " tag="720">
      <subfield code="a">Miquel Ostos, Andrea</subfield>
      <subfield code="e">author</subfield>
   </datafield>
   <datafield ind2=" " ind1=" " tag="260">
      <subfield code="c">2024-07-01</subfield>
   </datafield>
   <datafield ind2=" " ind1=" " tag="520">
      <subfield code="a">En el present document es realitzarà un estudi comparatiu entre dues instal·lacions d'energia mareomotriu hipotètiques, situades en entorns naturals completament oposats del país de Xile. La primera, en la segona regió d’Antofagasta coneguda pel seu clima àrid i calorós; i la segona, ubicada a la dotzena regió, Magallanes i de l'Antàrtica Xilena, amb un clima molt més fred i abundant vegetació.&#xd;
L'estudi pretén albirar la possibilitat de realitzar aquestes construccions i, de ser-ho, quina de les dues seria la més eficient i / o rendible. Per a això es tindran en compte tant aspectes tècnics i de viabilitat física, com seria el cas de l'amplitud de les marees, l'emplaçament dels embassaments i el tipus de turbines; com a econòmics, legislatius i d'impacte en la fauna i flora en ambdues regions.</subfield>
   </datafield>
   <datafield ind2=" " ind1=" " tag="520">
      <subfield code="a">En el presente documento se realizará un estudio comparativo entre dos instalaciones de energía mareomotriz hipotéticas, ubicadas en entornos naturales completamente opuestos del país de Chile. La primera, en la segunda región de Antofagasta conocida por su clima árido y caluroso; y la segunda, en la décimo segunda región, Magallanes y de la Antártica Chilena, con un clima mucho más frío y con abundante vegetación.&#xd;
El estudio pretende vislumbrar la posibilidad de realizar dichas construcciones y, de serlo, cuál de las dos sería la más eficiente y / o rentable. Para ello se tendrán en cuenta tanto aspectos técnicos y de viabilidad física, como sería el caso de la amplitud de las mareas, el emplazamiento de los embalses y el tipo de turbinas; como económicos, legislativos y de impacto en la fauna y flora en ambas regiones.</subfield>
   </datafield>
   <datafield ind2=" " ind1=" " tag="520">
      <subfield code="a">A comparative study between two hypothetical tidal power installations, located in completely opposite natural environments in the country of Chile, will be made in this document. The first, in the second region of Antofagasta known for its arid and hot climate; and the second, in the twelfth region, Magallanes and Chilean Antarctica, with a much colder climate and abundant vegetation.&#xd;
The study aims to glimpse the possibility of making such constructions and, if so, which of the two would be the most efficient and/or profitable. The study will consider both technical and physical feasibility aspects, such as tidal amplitude, the location of reservoirs and the type of turbines; and economic, legislative and impact on fauna and flora in both regions.</subfield>
   </datafield>
   <datafield tag="653" ind2=" " ind1=" ">
      <subfield code="a">Àrees temàtiques de la UPC::Energies::Energia mareomotriu</subfield>
   </datafield>
   <datafield tag="653" ind2=" " ind1=" ">
      <subfield code="a">Ocean wave power</subfield>
   </datafield>
   <datafield tag="653" ind2=" " ind1=" ">
      <subfield code="a">Tidal power</subfield>
   </datafield>
   <datafield tag="653" ind2=" " ind1=" ">
      <subfield code="a">Mareomotriz</subfield>
   </datafield>
   <datafield tag="653" ind2=" " ind1=" ">
      <subfield code="a">Energia de les onades</subfield>
   </datafield>
   <datafield tag="653" ind2=" " ind1=" ">
      <subfield code="a">Energia maremotriu</subfield>
   </datafield>
   <datafield ind2="0" ind1="0" tag="245">
      <subfield code="a">Estudio comparativo de generación mareomotriz en Chile para las regiones de Antofagasta y de Magallanes y de la Antártica Chilena</subfield>
   </datafield>
</record></metadata></record></GetRecord></OAI-PMH>